Economic development : theory and practice for a divided world

Bibliographic Details
Main Author: Lynn, Stuart R.
Format: Book
Published: Upper Saddle River, N.J. : Prentice Hall , c2003.
Series:Prentice-Hall series in economics
Subjects:

MARC

LEADER 00000cam a2200000 7i4500
001 0000003296
005 20050822.0
020 0 0 |a 0130141615 
090 0 0 |a 338.9   |b LYN 
100 1 0 |a Lynn, Stuart R. 
245 1 0 |a Economic development :   |b theory and practice for a divided world   |c Stuart R. Lynn. 
260 0 0 |a Upper Saddle River, N.J. :   |b Prentice Hall ,   |c c2003. 
300 |a xxiv, 550 p. :   |b ill. ;   |c 24 cm. 
440 0 0 |a Prentice-Hall series in economics 
500 0 0 |a Maps on endpapers. 
650 0 0 |a Economic development. 
650 0 0 |a Economic development   |x Case studies. 
650 0 0 |a Economic policy. 
650 0 0 |a Economic policy   |x Case studies. 
999 |a 0000006245   |b Monograph   |c Open Shelf   |e Default branch